Diseño del sistema operativo e infraestructura del transporte público en el sector Desamparados -San Francisco
Sábháilte in:
| Príomhchruthaitheoir: | |
|---|---|
| Formáid: | LEABHAR |
| Teanga: | Spanish |
| Foilsithe / Cruthaithe: |
[San José], Costa Rica
2015
|
| Ábhair: | |
| Clibeanna: |
Cuir clib leis
Níl clibeanna ann, Bí ar an gcéad duine le clib a chur leis an taifead seo!
|
MARC
| LEADER | 00000nam a22000007a 4500 | ||
|---|---|---|---|
| 003 | 012296 | ||
| 005 | 20221231144024.0 | ||
| 008 | 151118b2015 cr ||||| |||| 00| | spa d | ||
| 040 | |c cru CEDI | ||
| 090 | |a TFG 7460 | ||
| 100 | |9 2327 |a Castillo Arroyo, Luis Javier | ||
| 245 | |a Diseño del sistema operativo e infraestructura del transporte público en el sector Desamparados -San Francisco | ||
| 260 | |a [San José], Costa Rica |c 2015 | ||
| 500 | |a Proyecto de graduación (licenciatura en ingeniería civil)--Universidad de Costa Rica. Facultad de Ingeniería. Escuela de Ingeniería Civil | ||
| 650 | |x TRANSPORTE PUBLICO |x TRANSPORTE |x TRANSPORTE URBANO - DESAMPARADOS (SAN JOSE, COSTA RICA) |x TRANSPORTE URBANO |x TRANSPORTE URBANO - SAN FRANCISCO(SAN JOSE, COSTA RICA) |x INFRAESTRUCTURA (ECONOMIA) |x SAN FRANCISCO DE DOS RIOS (SAN JOSE, COSTA RICA) |x DESAMPARADOS (SAN JOSE, COSTA RICA) |9 2328 | ||
| 942 | |c TFG | ||
| 999 | |c 15740 |d 15740 | ||
